000 00472nam a2200181Ia 4500
999 _c3536
_d3536
003 GBCCL
005 20241126110457.0
008 171129b xxu||||| |||| 00| 0 eng d
040 _cgbc
082 _a262.1
_bNOR
100 _aNorrish, A.E.
_97078
245 _aChristian Leadership /
_cA. E. Norrish
250 _a3rd Ed.
260 _bMasihi Sahitya Sanstha,
_aNew Delhi:
_c1972
300 _a46p.;
_c18 cm.
650 _aChristian Leadership
_91568
942 _2ddc
_cBK
_07